The earth charter in action: Toward a sustainable world (Record no. 44263)

MARC details
000 -LEADER
fixed length control field 00453nam a2200157Ia 4500
020 ## - INTERNATIONAL STANDARD BOOK NUMBER
ISBN 9068321773
082 ## - DEWEY DECIMAL CLASSIFICATION NUMBER
Classification number 631S
Item number COR
245 #4 - TITLE STATEMENT
Title The earth charter in action: Toward a sustainable world
260 ## - PUBLICATION, DISTRIBUTION, ETC. (IMPRINT)
Place of publication Amsterdam
Name of publisher KIT Publishers
Year of publication 2005
650 ## - SUBJECT ADDED ENTRY--TOPICAL TERM
Topical Term Agricultural Economis
650 ## - SUBJECT ADDED ENTRY--TOPICAL TERM
Topical Term Ecological integrity
650 ## - SUBJECT ADDED ENTRY--TOPICAL TERM
Topical Term Sustainable development
700 ## - ADDED ENTRY--PERSONAL NAME
Personal name Corcoran, Peter Blaze
942 ## - ADDED ENTRY ELEMENTS (KOHA)
Koha item type Books
Holdings
Withdrawn status Lost status Damaged status Not for loan Home library Current library Date acquired Source of acquisition Full call number Accession Number Koha item type
        RRII Library RRII Library 16/12/2021 Gift 631S COR G01010 Books